000 00404nam a22001577a 4500
003 OSt
008 240222b |||||||| |||| 00| 0 eng d
020 _a9781439874660
041 _aeng
082 _a631.587
_bCHA/IN
100 _aChadurvedi,Mahesh Chandra
_9955
245 _aIndia's Waters: Advances in Development anad Management
260 _aLondon
_bCRC Press
_c2012
300 _a222
942 _cBK
999 _c14550
_d14550